Welcome to CU Library Online Public Access Catalogue (OPAC)

American constitutional law / (Record no. 1038)

MARC details
000 -LEADER
fixed length control field 00541cam a2200181 a 4500
001 - CONTROL NUMBER
control field 4344023
005 - DATE AND TIME OF LATEST TRANSACTION
control field 20241111201222.0
008 - FIXED-LENGTH DATA ELEMENTS--GENERAL INFORMATION
fixed length control field 891017s1990 nyua b 001 0 eng
020 ## - INTERNATIONAL STANDARD BOOK NUMBER
International Standard Book Number 0075571250 :
Terms of availability $45.00
050 00 - LIBRARY OF CONGRESS CALL NUMBER
Classification number KF4549
Item number .F57 1990b
082 00 - DEWEY DECIMAL CLASSIFICATION NUMBER
Classification number 342.73
-- 347.302
Edition information 20
100 1# - MAIN ENTRY--PERSONAL NAME
Personal name Fisher, Louis.
245 10 - TITLE STATEMENT
Title American constitutional law /
Statement of responsibility, etc. Louis Fisher.
260 ## - PUBLICATION, DISTRIBUTION, ETC.
Place of publication, distribution, etc. New York :
Name of publisher, distributor, etc. McGraw-Hill,
Date of publication, distribution, etc. c1990
300 ## - PHYSICAL DESCRIPTION
Extent xix, 1357, [60] p. :
Other physical details ill. ;
Dimensions 24 cm.
650 #0 - SUBJECT ADDED ENTRY--TOPICAL TERM
Topical term or geographic name entry element Constitutional law
Geographic subdivision United States
General subdivision Cases.
942 ## - ADDED ENTRY ELEMENTS (KOHA)
Source of classification or shelving scheme Library of Congress Classification
Koha item type Computer Files
Suppress in OPAC No
999 ## -
-- 1038
-- 1038
Holdings
Withdrawn status Lost status Source of classification or shelving scheme Damaged status Not for loan Collection Home library Current library Shelving location Date acquired Total checkouts Full call number Barcode Date last seen Copy number Price effective from Koha item type
    Library of Congress Classification     Non-fiction Law Library (Miotso) Law Library (Miotso) General stacks 11/11/2024   KF4549 FIS llm00000843 11/11/2024 1 11/11/2024 Books
© 2023-2024 Copyright: Central University Libraries. All Rights Reserved | Created by: Mahone Tech Office